<?xml version="1.0" encoding="UTF-8"?>
<marc:record xmlns:marc="http://www.loc.gov/MARC21/slim">
   <marc:leader>00000nam a2200000 a 4500</marc:leader>
   <marc:datafield ind1="1" ind2=" " tag="100">
      <marc:subfield code="a">Hämmerle, Susa</marc:subfield>
      <marc:subfield code="4">aut</marc:subfield>
      <marc:subfield code="e">Verfasser/-in</marc:subfield>
   </marc:datafield>
   <marc:datafield ind1="1" ind2=" " tag="100">
      <marc:subfield code="a">Unzer, Christa</marc:subfield>
   </marc:datafield>
   <marc:datafield ind1="1" ind2=" " tag="100">
      <marc:subfield code="a">Hämmerle, Susa</marc:subfield>
   </marc:datafield>
   <marc:datafield ind1="0" ind2="0" tag="245">
      <marc:subfield code="a">Hänsel und Gretel</marc:subfield>
   </marc:datafield>
   <marc:datafield ind1="0" ind2="0" tag="245">
      <marc:subfield code="c">Susa Hämmerle</marc:subfield>
   </marc:datafield>
   <marc:datafield ind1=" " ind2="1" tag="264">
      <marc:subfield code="a">Wien</marc:subfield>
      <marc:subfield code="b">Ueberreuter</marc:subfield>
      <marc:subfield code="c">2019</marc:subfield>
   </marc:datafield>
   <marc:datafield ind1="1" ind2=" " tag="520">
      <marc:subfield code="a">Engelbert Humperdinck und seine Schwester Adelheid Wette verwandelten das weltbekannte Volksmärchen "Hänsel und Gretel" in eine Kinderoper, die mit bekannten Liedern wie »Suse, liebe Suse, was raschelt im Stroh?«, »Ein Männlein steht im Walde« und »Brüderchen, komm, tanz mit mir« bis heute Eltern und Kindern begeistert. Die wundervoll märchenhaften Illustrationen lassen die bekannte Geschichte lebendig werden. Musik und Text auf CD Komponist: Engelbert Humperdinck Orchester: Staatskapelle Dresden Interpreten: Renate Hoff (Gretel), Ingeborg Springer (Hänsel), Theo Adam (Vater), Gisela Schröter (Mutter), Peter Schreier (Hexe), Renate Krahmer (Sandmännchen/ Taumännchen) Dirigent: Otmar Suitner Sprecher: Dietmar Wunder Laufzeit: ca. 50 Minuten</marc:subfield>
   </marc:datafield>
   <marc:datafield ind1=" " ind2=" " tag="020">
      <marc:subfield code="a">9783219118032</marc:subfield>
      <marc:subfield code="9">9783219118032</marc:subfield>
   </marc:datafield>
   <marc:datafield ind1=" " ind2=" " tag="020">
      <marc:subfield code="a">3219118038</marc:subfield>
      <marc:subfield code="9">3219118038</marc:subfield>
   </marc:datafield>
   <marc:datafield ind1=" " ind2=" " tag="300">
      <marc:subfield code="a">29 S.: III.</marc:subfield>
   </marc:datafield>
</marc:record>
